header

Dave Sim (Record no. 59889)

MARC details
000 -LEADER
fixed length control field 01414nam a2200361 a 4500
082 04 - DEWEY DECIMAL CLASSIFICATION NUMBER
Classification number 741.5/971
-- B
245 00 - TITLE STATEMENT
Title Dave Sim
260 ## - PUBLICATION, DISTRIBUTION, ETC. (IMPRINT)
Place of publication Jackson :
Name of publisher University Press of Mississippi,
Year of publication 2013.
300 ## - PHYSICAL DESCRIPTION
Number of Pages xxvi, 244 p.
490 1# - SERIES STATEMENT
Series statement Conversations with comic artists
650 #0 - SUBJECT ADDED ENTRY--TOPICAL TERM
Topical Term Cartoonists
700 1# - ADDED ENTRY--PERSONAL NAME
Personal name Hoffman, Eric,
Personal name Grace, Dominick,
856 40 - ELECTRONIC LOCATION AND ACCESS
Uniform Resource Identifier http://site.ebrary.com/lib/rucke/Doc?id=10678733

No items available.

© 2026 Rongo University
Contact us: librarian | system librarian | Rongo university